000 00347 a2200109 4500
001 ART_14622
005 20260410161913.0
008 260409a
245 1 0 _aFiscal policy, log-run stability and aggregate supply
100 1 _aGylfason, Thorvaldur
773 0 _tEuropean economic review
_g- Vol. 11, NÂș 1 (may. 1978)
_wREV13346
999 _c26960
_d26960